000 00563nam a22001817a 4500
005 20231227141139.0
010 _aENG-137267
020 _c625.00
_a9789385616075
035 _aEN-120799
037 _bDBAD/PUB
082 _a610.7362
100 _aGomathi,S
_960314
245 _aA Text Book of Child Health Nursing/
_cBy S. Gomathi
260 _aAndhra Pradesh
_bVijayam Publications
_c2023
270 _bAndhra Pradesh
_e517501
_a219, Prakasam Road, Tirupati
300 _a12,Variable Pages
_c24cm.(pbh)
942 _2ddc
_cEN
_mGOM
_h610.7362
999 _c196489
_d196489